| 000 | 01177nam a2200397 a 4500 | ||
|---|---|---|---|
| 003 | AR-BaBNM | ||
| 005 | 20251128204717.0 | ||
| 008 | 082120s2002 ||||||||||||||000 | spa|| | ||
| 020 | _a950-25-1499-8 | ||
| 040 | _cAR-BaBNM | ||
| 245 | 0 | 0 |
_aEl movimiento estudiantil de Perón a Alfonsín _n2 |
| 260 |
_aBuenos Aires _bCEAL _c1988 |
||
| 300 | _a239 p. | ||
| 490 | 0 |
_aBiblioteca política argentina _vv. 230 |
|
| 500 | _aIncluye entrevistas a Andrés Delich, Carlos Maslatón y Julián Gadano | ||
| 600 | 1 | 4 | _aCheresky, Isidoro |
| 600 | 1 | 4 | _aRomero, José Luis |
| 600 | 1 | 4 | _aFrondizi, Risieri |
| 600 | 1 | 4 | _aPortantiero, Juan Carlos |
| 600 | 1 | 4 | _aTalento, Francisco |
| 650 | 4 | _aHISTORIA DE LA EDUCACION | |
| 650 | 4 | _aHISTORIA CULTURAL | |
| 650 | 4 | _aHISTORIA ECONOMICA | |
| 650 | 4 | _aHISTORIA POLITICA | |
| 650 | 4 | _aUNIVERSIDADES | |
| 650 | 4 | _aMOVIMIENTOS ESTUDIANTILES | |
| 650 | 4 | _aHISTORIA SOCIAL | |
| 650 | 4 | _aPARTIDOS POLITICOS | |
| 651 | 4 | _aBuenos Aires [Provincia] | |
| 651 | 4 | _aArgentina | |
| 653 | _aREFORMA UNIVERSITARIA | ||
| 700 | 1 |
_aToer, Mario _ecoordinador |
|
| 800 | 1 |
_aTroncoso, Oscar _edirector |
|
| 942 | _cBK | ||
| 998 | _cHector | ||
| 999 |
_c8522 _d8522 |
||